000 00331nam a2200133Ia 4500
008 230524s9999 xx 000 0 und d
100 _aGeorge E.Dieter
245 0 _a"Mechanical Metallurgy, (SI Metric Edition)"
250 _a1
260 _aNew Delhi
_bMGH
500 _aQuantity Number: 2
650 _aMechanics
942 _cBK
999 _c52352
_d52352